| 000 | 00908nam a2200325Ia 4500 | ||
|---|---|---|---|
| 008 | 170711s9999 xx 000 0 und d | ||
| 020 | _a9780764136832 | ||
| 050 | _a519.5 | ||
| 050 | _bS839 2006 | ||
| 100 | _aSternstein, Martin | ||
| 245 | _aBarron's AP statistics / | ||
| 245 | _cMartin Sternstein. | ||
| 250 | _aFourth edition. | ||
| 260 | _aNew York : | ||
| 260 | _bBarron's, | ||
| 260 | _c2007 | ||
| 300 | _aviii, 600 pages : | ||
| 300 | _bblack and white ; | ||
| 300 | _c28cm. | ||
| 440 | _aBarron's : the leader in test preparation. | ||
| 500 | _aIncludes index. | ||
| 650 | _aAdvanced placement programs (Education) -- | ||
| 650 | _aCollege entance achievement test -- | ||
| 650 | _aMathematical statistics -- | ||
| 650 | _xExaminations, questions, etc. | ||
| 650 | _xExaminations. | ||
| 650 | _xStudy guides. | ||
| 700 | _aTitle : AP Statistics. | ||
| 700 | _aTitle. | ||
| 999 |
_c339984 _d339984 |
||